000 00419pam a2200157 a 4500
020 _a9781444175899
_c
041 _aeng
082 _a617.51
_bWAT
100 _aWATKINSON J. C . CLARKE R. W. .
245 _aSCOTT - BROWN`S OTORHINOLAYNGOLOGY HEAD AND NECK SURGERY VOL.2
_hTextual Documents
250 _a8.
260 _aDELHI
_bCRC PRESS
_c2019
300 _a1484:
_bXLII+
_eHB.
930 _a8895
999 _c803422
_d803422
650 _aENT